000 00452cam a2200157 4500500
005 20260405001443.0
041 _afre
042 _adc
245 0 0 _aGlobal burn-out
260 _c2013.
500 _a2
690 _aSurmenage
690 _aTravail
786 0 _nPhilosophie magazine | 66 | 2 | 2013-02-01 | p. 67-68 | 1951-1787
856 4 1 _uhttps://shs.cairn.info/magazine-philosophie-magazine-2013-2-page-67?lang=fr&redirect-ssocas=7080
999 _c2047804
_d2047804